| 000 | 00795nam a2200193 a 4500 | ||
|---|---|---|---|
| 005 | 20230510063517.0 | ||
| 008 | 991125s1966 mx 000 0 spa u | ||
| 035 | _aUPN01000041675 | ||
| 049 | _aCG | ||
| 050 | 4 |
_aHC137 C2 _bS5.5 |
|
| 100 | 1 | _aSierra, Carlos J. | |
| 245 | 1 | 0 |
_aNotas de economía regional : _bagricultura, colonización y vías férreas : Campeche 1857-1910 / _cpor Carlos J. Sierra. |
| 260 |
_aMéxico : _bSHCP, Dirección General de Prensa, _c1966. |
||
| 300 |
_a55 p., 1 pleg. : _bmapa. |
||
| 500 | _a"Sobretiro del suplemento del Boletín Bibliográfico de la Secretaría de Hacienda y Crédito Público, correspondiente al no. 349 del 15 de agosto de 1966" | ||
| 651 | 4 |
_aCAMPECHE - _xCONDICIONES ECONOMICAS _95172 |
|
| 651 | 7 |
_aCampeche _xHistoria _2 _95194 |
|
| 905 | _aLibro | ||
| 999 |
_c41675 _d41675 |
||